|
|
|
|
| LEADER |
00000nta a2200000 i 4500 |
| 001 |
dolg4705 |
| 005 |
20160519130814.0 |
| 008 |
151214suuuu hu om 000 hun d |
| 040 |
|
|
|a BGE Dolgozattár Repozitórium
|b hun
|
| 041 |
|
|
|a hu
|
| 100 |
1 |
|
|a Kun Dániel Bence
|
| 245 |
1 |
0 |
|a Iparági összehasonlító elemzés a Panalpina Magyarország Kft. szállítmányozó vállalatnál
|c Kun Dániel Bence
|h [elektronikus dokumentum]
|
| 246 |
1 |
1 |
|a Iparági összehasonlító elemzés a Panalpina Magyarország Kft. szállítmányozó vállalatnál
|
| 695 |
|
|
|a Autóipar
|
| 695 |
|
|
|a Gyógyszeripar
|
| 700 |
1 |
|
|a Horváth Dr. Annamária
|e ths
|
| 856 |
4 |
0 |
|u http://dolgozattar.uni-bge.hu/4705/1/Kun_D%C3%A1niel_Bence_Ipar%C3%A1gi%20%C3%B6sszehasonl%C3%ADt%C3%B3%20elemz%C3%A9s%20a%20Panalpina%20Magyarorsz%C3%A1g%20Kft.%20sz%C3%A1ll%C3%ADtm%C3%A1nyoz%C3%B3%20v%C3%A1llalatn%C3%A1l.pdf
|z Dokumentum-elérés
|